Follow That Line: The Simpsons I Quiz Stats

Quiz Updated Jul 6, 2012

Challenge
Share
Tweet
Embed
Score 0/24 Timer 06:00
10 Plays Today
% Correct
Don't call me Mr. Scorpion. It's Mr. Scorpio, but don't call me that either.
93.2%
Woo-hoo! Four-day weekend!
89.7%
Well, I think the veal might have died of loneliness.
87.8%
Tie good. You like shirt?
86%
Well, there's Jerry the Cowboy. And that big dipper looking thing is Alan. The Cowboy.
85%
I don't know why. It's a perfectly cromulent word.
81.9%
There's not? Ya used me, Skinner! Ya used me!
76.8%
I'll be deep in the cold cold ground before I recognize Missourah!
76.6%
We’re up to fifteen!
76.4%
How ironic.
75.1%
I ought to club them and eat their bones!
73.3%
He was going to the bathroom.
73.1%
% Correct
That's a lie and you know it!
72.8%
If you can think of a better way to get ice, I'd like to hear it.
72.1%
You watch too many movies, Sax.
71.9%
I don't think any of us expected him to say that.
71.8%
Well, thank God that's over. I was worried there for a second.
68.4%
Why, if it isn't my old friend, Mr. McGreg. With a leg for an arm and an arm for a leg.
68%
Vera said that?
67%
No, my son is also named Bort.
66.7%
Oh my God! Where did you get that brownie?
63.1%
Hey, Surly only looks out for one guy: Surly.
54.2%
Does anyone want to switch seats?
52.9%
Gentlemen—to evil.
47.4%

You're not logged in!

Compare scores with friends on all Sporcle quizzes.
Join for Free
OR
Log In

You Might Also Like...

Show Comments

Extras

Top Quizzes Today


Score Distribution

Your Account Isn't Verified!

In order to create a playlist on Sporcle, you need to verify the email address you used during registration. Go to your Sporcle Settings to finish the process.

Report this User

Report this user for behavior that violates our Community Guidelines.

Details: